000
00279nam a22001217a 4500
082
_a
823
_b
MOL/L
100
_a
MOLIERE
245
_a
LES FEMMES SAVANTES
260
_a
LONDON
_b
GEORGE G HARRAO & CO LTD
_c
1955
300
_a
100
650
_a
ENGLISH PLAY
_z
UNITED KINGDOM
942
_c
BK
999
_c
8000
_d
8000